000 01563cam a2200385 a 4500
001 3258
003 BD-DhEWU
005 20230418104036.0
008 030717s1981 enka g b 001 0 eng d
020 _a0521230349
020 _a9780521230346
020 _a0521297753 (pbk.)
020 _a 9780521297752
035 _a(OCoLC)7565470
040 _aDLC
_cDLC
_dDLC
_dBD-DhEWU
_beng
041 _aeng
050 0 0 _aP121
_b.L9 1981
082 0 0 _a410
_bLYL 1981
100 1 _aLyons, John,
_96121
245 1 0 _aLanguage and linguistics :
_ban introduction /
_cJohn Lyons.
260 _aCambridge [Cambridgeshire] ;
_aNew York :
_bCambridge University Press,
_cc1981.
300 _axi, 356 p. :
_bill. ;
_c22 cm.
500 _aIncludes index.
504 _aBibliography: p. [333]-350.
505 _tTOC
_aLanguage -- Linguistics -- The sounds of language -- Grammar -- Semantics -- Language-change -- Some modern schools and movements -- Language and mind -- Language and society -- Language and culture.
526 _aEnglish
650 0 _aLinguistics.
_97674
650 0 _aLanguage and languages.
_97675
856 4 1 _3Table of contents
_uhttp://www.loc.gov/catdir/toc/cam023/80042002.html
856 4 2 _3Publisher description
_uhttp://www.loc.gov/catdir/description/cam022/80042002.html
856 4 2 _3WorldCat details
_uhttp://www.worldcat.org/title/language-and-linguistics-an-introduction/oclc/7565470&referer=brief_results
856 4 0 _3Ebook Fulltext
_uhttp://lib.ewubd.edu/ebook/3258
942 _2ddc
_cTEXT
_014